Europa y el cristianismo: fe cristiana, salud de la razón y futuro de Europa

Salvato in:
Dettagli Bibliografici
Autore principale: Ramos Centeno, Vicente (Autore)
Natura: Libro
Lingua:spagnolo
Pubblicazione: Madrid Biblioteca de Autores Cristianos 2007
Serie:Estudios y Ensayos Filosofia y Ciencias
Soggetti:
Tags: Aggiungi Tag
Nessun Tag, puoi essere il primo ad aggiungerne!!

MARC

LEADER 00000nam a2200000 a 4500
001 UCH5885
003 CL-VaPUC
008 091105e20070000SP |||||||||||||||||spa|d
020 |a 9788479148881 
082 0 4 |a 230  |b RAM  |2 21 
100 0 |a Ramos Centeno, Vicente  |e author  |9 542278 
245 1 0 |a Europa y el cristianismo: fe cristiana, salud de la razón y futuro de Europa 
300 |a 143 p 
942 |c BK 
945 |d 20091105 00:00:00  |a rbrito 
260 |a Madrid  |b Biblioteca de Autores Cristianos  |c 2007 
650 0 |a Cristianismo  |9 257361 
650 0 |a Antisemitismo  |9 314513 
650 0 |a Ateísmo  |9 265671 
650 0 |a Judaísmo  |9 269348 
650 0 |a Religión   |9 255164 
651 0 |a Europa  |9 255156 
651 0 |a Israel  |9 314378 
583 |a last modification  |c 20091105 00:00:00  |k Rodrigo Vera 
490 0 |a Estudios y Ensayos Filosofia y Ciencias 
999 |c 336920  |d 336918 
952 |0 0  |1 0  |4 0  |6 230_000000000000000_RAM_2007  |7 0  |8 A  |9 428987  |a BIBEDU  |b BIBEDU  |d 2019-11-22  |i 4614240  |o 230 RAM 2007  |p 4614240  |r 2019-11-22  |w 2019-11-22  |y BK  |k FIL